| 000 -LEADER |
| fixed length control field |
01006cam a2200337 i 4500 |
| 020 ## - INTERNATIONAL STANDARD BOOK NUMBER |
| ISBN |
9788185873657 (v. 1) |
| 020 ## - INTERNATIONAL STANDARD BOOK NUMBER |
| ISBN |
8185873658 (v. 1) |
| 020 ## - INTERNATIONAL STANDARD BOOK NUMBER |
| ISBN |
9788185873664 (v. 2) |
| 020 ## - INTERNATIONAL STANDARD BOOK NUMBER |
| ISBN |
8185873666 (v. 2) |
| 020 ## - INTERNATIONAL STANDARD BOOK NUMBER |
| ISBN |
9788185873695 (v. 3) |
| 020 ## - INTERNATIONAL STANDARD BOOK NUMBER |
| ISBN |
9788185873701 (v. 4) |
| 020 ## - INTERNATIONAL STANDARD BOOK NUMBER |
| ISBN |
9788185873749 (v. 5) |
| 020 ## - INTERNATIONAL STANDARD BOOK NUMBER |
| ISBN |
9788185873824 (v. 6) |
| 020 ## - INTERNATIONAL STANDARD BOOK NUMBER |
| ISBN |
9788185873961 (v. 7) |
| 040 ## - CATALOGING SOURCE |
| Transcribing agency |
DKAGE |
| 082 04 - DEWEY DECIMAL CLASSIFICATION NUMBER |
| Classification number |
635 INT 1999 C151 Or. |
| 245 00 - TITLE STATEMENT |
| Title |
Advances in horticulture biotechnology / |
| 246 30 - VARYING FORM OF TITLE |
| Title proper/short title |
Horticulture biotechnology |
| 250 ## - EDITION STATEMENT |
| Edition statement |
First edition. |
| 300 ## - PHYSICAL DESCRIPTION |
| Number of Pages |
volumes : |
| Other physical details |
illustrations ; |
| Dimensions |
25 cm. |
| 490 0# - SERIES STATEMENT |
| Series statement |
Continuing series ; |
| 500 ## - GENERAL NOTE |
| General note |
Contributed articles. |
| 500 ## - GENERAL NOTE |
| General note |
Other title varies; volume editor varies. |
| 650 #0 - SUBJECT ADDED ENTRY--TOPICAL TERM |
| Topical Term |
Horticulture. |
| 650 #0 - SUBJECT ADDED ENTRY--TOPICAL TERM |
| Topical Term |
Plant products |
| 700 1# - ADDED ENTRY--PERSONAL NAME |
| Personal name |
Singh, H. P., |
| 700 1# - ADDED ENTRY--PERSONAL NAME |
| Personal name |
Parthasarathy, V. A. |
| 700 1# - ADDED ENTRY--PERSONAL NAME |
| Personal name |
Nirmal Babu, K. |
| 710 2# - ADDED ENTRY--CORPORATE NAME |
| Corporate name or jurisdiction name as entry element |
Confederation of Horticulture Associations of India |
| 942 ## - ADDED ENTRY ELEMENTS (KOHA) |
| Koha item type |
ADB |
| 952 ## - LOCATION AND ITEM INFORMATION (KOHA) |
| Withdrawn status [LOCAL, KOHA] |
0 |